Galileo Galili (Record no. 332230)
[ view plain ]
| 000 -LEADER | |
|---|---|
| fixed length control field | 01396nam a22002537a 4500 |
| 003 - CONTROL NUMBER IDENTIFIER | |
| control field | NUST |
| 005 - DATE AND TIME OF LATEST TRANSACTION | |
| control field | 20171120150644.0 |
| 008 - FIXED-LENGTH DATA ELEMENTS--GENERAL INFORMATION | |
| fixed length control field | 110621t xxu||||| |||| 00| 0 eng d |
| 040 ## - CATALOGING SOURCE | |
| Transcribing agency | 0 |
| 082 ## - DEWEY DECIMAL CLASSIFICATION NUMBER | |
| Classification number | 832.912 BRE |
| 100 ## - MAIN ENTRY--PERSONAL NAME | |
| Personal name | Brecht, Bertolt |
| 9 (RLIN) | 1040 |
| 245 ## - TITLE STATEMENT | |
| Title | Galileo Galili |
| 260 ## - PUBLICATION, DISTRIBUTION, ETC. | |
| Place of publication, distribution, etc. | Erode |
| Name of publisher, distributor, etc. | Ramana iyer, A.B.BOOKS |
| Date of publication, distribution, etc. | 2006 |
| 300 ## - PHYSICAL DESCRIPTION | |
| Extent | 155p |
| 500 ## - GENERAL NOTE | |
| General note | P.B |
| 546 ## - LANGUAGE NOTE | |
| Language note | English |
| 563 ## - BINDING INFORMATION | |
| Binding note | HBC |
| 650 ## - SUBJECT ADDED ENTRY--TOPICAL TERM | |
| Topical term or geographic name entry element | Galileo Galili |
| 9 (RLIN) | 1041 |
| 942 ## - ADDED ENTRY ELEMENTS (KOHA) | |
| Source of classification or shelving scheme | |
| Koha item type | Book |
| Call number prefix | IESE |
| Withdrawn status | Lost status | Source of classification or shelving scheme | Damaged status | Not for loan | Collection code | Permanent Location | Current Location | Shelving location | Date acquired | Total Checkouts | Full call number | Barcode | Date last seen | Price effective from | Koha item type |
|---|---|---|---|---|---|---|---|---|---|---|---|---|---|---|---|
| Institute of Environmental Science and Engineering (IESE) | Institute of Environmental Science and Engineering (IESE) | Fiction | 11/20/2017 | 832.912 BRE | IESE-1388 | 11/20/2017 | 11/20/2017 | Book | |||||||
| Institute of Environmental Science and Engineering (IESE) | Institute of Environmental Science and Engineering (IESE) | Fiction | 11/20/2017 | 832.912 BRE | IESE-1387 | 11/20/2017 | 11/20/2017 | Book |
